000 01148nam a2200325 i 4500
999 _c65545
_d65545
001 768714001
003 CO-MdFUSB
005 20200327123517.0
007 ta
008 200327t2005 -us |||| |||| 00| 0 eng d
020 _a 9780268016982
040 _aCO-MdFUSB
_bspa
_cCO-MdFUSB
_dCO-MdFUSBC
_erda
041 _aeng
082 _223
_a241.3
_bF172
100 _aFairlie, Henry.
_eautor
245 4 _aThe seven deadly sins today
_c/ Henry Fairlie
264 1 _aEstados Unidos :
_bUniversity of Notre Dame Press,
_c[2005]
264 4 _c© 2005
300 _a216 páginas
_c; 22 cm
336 _2rdacontent
_atexto
_btxt
337 _2rdamedia
_asin mediación
_bn
338 _2rdacarrier
_avolumen
_bnc
500 _aColección Dawn Christina Harrell
505 _aPrefacio. -- El hecho del pecado. -- Orgullo o superbia. -- Envidia o invidia. -- Ira o ira. -- Pereza o acedia. -- Avaricia o avaritia. --Gula o gula. -- Lujuria o lujo. -- Los caminos del amor. -- Una lista de verificación de algunos libros.
563 _aTapa dura
650 0 _919
_aVida cristiana
942 _cBK
945 _aJTF-925